00437cam a2200181 i 4500001000800000005001700008008004100025010001700066020002500083040001800108041000800126080001300134082001700147100000700164101000800171245004600179504003000225272291420180223080047.0771027s1978 moua b 001 0 eng  a 77083947  a0882435183 :c$10.95 aDLCcDLCdDLC aeng a419 lot00a419 lot2191 a24 agju14aThe joy of signing :cLottie L. Riekehof. aBibliography: p. 325-326.